000
00329nam a2200145Ia 4500
008
150201s1993 xx 000 0 und d
082
_a
610.73
_b
P1993D
100
_a
DONALD,WONG
245
_a
PEDIATRIC NURSING
250
_a
5TH
260
_b
MOSBY
_a
DELHI
_c
1993
300
_a
1-1278
650
_a
PEDODONTICS
942
_2
ddc
_c
BK
999
_c
3669
_d
3669